Statystyki dla Bronie z Fortnite

Kliknij tutaj aby rozwiązać quiz!

Ogólne statystyki

  • Ten quiz został rozwiązany 1 416 razy
  • Średni wynik to 10 z 52

Statystyki odpowiedzi

PodpowiedźBroń% Poprawnych
NIEBIESKI - KarabinKarabin Szturmowy
79%
ZIELONY - KarabinKarabin Szturmowy
79%
SZARA - KarabinKarabin Szturmowy
79%
ZIELONY - KarabinCiężki Karabin Szturmowy
63%
SZARA - KarabinCiężki Karabin Szturmowy
63%
NIEBIESKI - PistoletPistolet
54%
SZARY - PistoletPistolet
54%
ZIELONY - PistoletPistolet
54%
FIOLETOWY - KarabinSCAR
51%
LEGENDARNY - KarabinSCAR
51%
LEGENDARNY - SMGP90
27%
FIOLETOWY - SMGP90
27%
SZARY - ShotgunTaktyczna Strzelba
22%
NIEBIESKI - WybuchoweGranatnik
21%
LEGENDARNY - WybuchoweGranatnik
21%
FIOLETOWY - WybuchoweGranatnik
21%
ZIELONY - ShotgunTaktyczna Strzelba
21%
FIOLETOWY - WybuchoweRakietnica
20%
LEGENDARNY - WybuchoweRakietnica
20%
NIEBIESKI - PistoletUSP-S
17%
FIOLETOWY - PistoletUSP
13%
FIOLETOWY - SnajpierkaCiężka Snajperka
11%
LEGENDARNY - SnajperkaCiężka Snajperka
11%
NIEBIESKI - SMGPistolet Maszynowy z tłumikiem
8%
SZARA - SMGPistolet Maszynowy z tłumikiem
8%
ZIELONY - SMGPistolet Maszynowy z Tłumikiem
8%
ZIELONY - SnajperkaSztucer
8%
NIEBIESKI - SnajpierkaSztucer
8%
LEGENDARNY - //SMG//Minigun
7%
FIOLETOWY - ??MINIGUN
7%
NIEBIESKI - KarabinCiężki Karabin Szturmowy
6%
ZIELONY - SMGTommy Gun
6%
NIEBIESKI - SMGTommy Gun
6%
FIOLETOWY - KarabinKarabin Piechoty
5%
NIEBIESKI - KarabinKarabin Piechoty
5%
ZIELONY - KarabinKarabin Piechoty
5%
LEGENDARNY - KarabinKarabin Piechoty
5%
FIOLETOWY - SnajpierkaSnajperka z tłumikiem
4%
LEGENDARNY - SnajperkaSnajperka z tłumikiem
4%
LEGENDARNY - StrzelbaStrzelba Bojowa
4%
NIEBIESKI - ShotgunStrzelba Bojowa
4%
FIOLETOWY - StrzelbaStrzelba Bojowa
4%
NIEBIESKI - KarabinKarabin Szturmowy z Lunetą
3%
ZIELONY - KarabinKarabin Szturmowy z Lunetą
3%
LEGENDARNY - WybuchoweŁuk Bum Bum
3%
NIEBIESKI - PistoletDwie Berrety
2%
ZIELONY - PistoletPistolet Krzemieniowy
2%
SZARY - PistoletPistolet Krzemieniowy
2%
FIOLETOWY - PistoletDwie Berrety
1%
FIOLETOWY - PistoletPistolet z lunetą
0%
LEGENDARNY - PistoletPistolet z lunetą
0%
NIEBIESKI - ShotgunTaktyczna Strzelba
0%

Rozkład punktacji

Percentyl według liczby udzielonych odpowiedzi

Procent ludzi z każdym wynikiem

Twoja historia wyników

Nie rozwiązałeś tego quizu